| 000 | 00856cam a22002291i 4500 | ||
|---|---|---|---|
| 003 | SA-RiAUC | ||
| 005 | 20250126083956.0 | ||
| 008 | 250121s2002 le g 000 0 ara c | ||
| 040 |
_aSA-JeALM _bara _cSA-RiAUC. _erda |
||
| 082 | 0 | 4 |
_a251 _qSA-RiAUC |
| 090 |
_a251 _bو ز ي |
||
| 100 | 1 |
_aالوزير، أحمد بن محمد بن علي، _d1919- _eمؤلف. |
|
| 245 | 1 | 2 |
_aالمصفى في أصول الفقه / _cتأليف أحمد بن محمد بن علي الوزير. |
| 264 | 1 |
_aبيروت : _bدار الفكر المعاصر، _c2002 |
|
| 300 |
_a910 صفحة ؛ _c24 سم |
||
| 336 |
_aنص _btxt _2rdacontent _3كتاب |
||
| 337 |
_aبدون وسيط _bn _2rdamedia |
||
| 338 |
_aمجلد _bnc _2rdacarrier |
||
| 650 | 7 |
_aأصول الفقه الإسلامي _2aucsh |
|
| 942 |
_2ddc _cBOOK _n0 |
||
| 949 |
_aSA-JeALM _d250121 _umohamedma123 _n1 |
||
| 999 |
_c5273 _d5273 |
||